000 nam a22 7a 4500
999 _c10124
_d10124
008 180212b ||||| |||| 00| 0 eng d
100 _aMishra, A
_96142
245 _aBasic science for class -VI
260 _aNew Delhi
_bBharati Publication
_c2013